Âm nhạc và phương pháp dạy học Giáo trình đào tạo giáo viên tiểu học hệ CĐSP và SP 12+2 Tập 2
Bao gồm: Các Giáo trình dùng cho hệ THSP 12+2 và 2 nămđầu của hệ CĐSP. Các GT dùng cho năm thứ 3 của hệ CĐSP và đào tạo chuẩn hóa GV tiểu học hệ THSP 12+2 lên trình độ CĐSP.
Đã lưu trong:
| Tác giả chính: | |
|---|---|
| Định dạng: | Sách |
| Năm xuất bản: |
H.
Giáo dục
2000
|
| Chủ đề: | |
| Tags: |
Thêm thẻ
Không có thẻ, Hãy là người đầu tiên gắn thẻ bản ghi này!
|
| LEADER | 01366nam a2200193 4500 | ||
|---|---|---|---|
| 082 | |a 780.71 |b NG527M | ||
| 100 | |a Nguyễn Minh Toàn | ||
| 245 | |a Âm nhạc và phương pháp dạy học |b Giáo trình đào tạo giáo viên tiểu học hệ CĐSP và SP 12+2 |c Nguyễn Minh Toàn, Nguyễn Hoành Thông |n Tập 2 | ||
| 260 | |a H. |b Giáo dục |c 2000 | ||
| 300 | |a 515tr. |c 20cm | ||
| 520 | |a Bao gồm: Các Giáo trình dùng cho hệ THSP 12+2 và 2 nămđầu của hệ CĐSP. Các GT dùng cho năm thứ 3 của hệ CĐSP và đào tạo chuẩn hóa GV tiểu học hệ THSP 12+2 lên trình độ CĐSP. | ||
| 653 | |a Âm nhạc | ||
| 653 | |a Phương pháp dạy học | ||
| 653 | |a Giáo trình | ||
| 942 | |2 ddc |c STK0 | ||
| 999 | |c 957 |d 957 | ||
| 952 | |0 0 |1 0 |2 ddc |4 0 |6 780_710000000000000_NG527M |7 1 |8 700 |9 17986 |a qbu |b qbu |c D5 |d 2014-12-11 |g 24600 |o 780.71 NG527M |p 5488.c1 |r 0000-00-00 |w 2014-12-02 |y STK0 |0 0 |6 780_710000000000000_NG527M | ||
| 952 | |0 0 |1 0 |2 ddc |4 0 |6 780_710000000000000_NG527M |7 0 |8 700 |9 17987 |a qbu |b qbu |c D5 |d 2014-12-11 |g 24600 |o 780.71 NG527M |p 5488.c2 |r 0000-00-00 |w 2014-12-02 |y STK0 |0 0 |6 780_710000000000000_NG527M |0 0 |6 780_710000000000000_NG527M | ||
| 952 | |0 0 |1 0 |2 ddc |4 0 |6 780_710000000000000_NG527M |7 0 |8 700 |9 17988 |a qbu |b qbu |c D5 |d 2014-12-11 |g 24600 |o 780.71 NG527M |p 5488.c3 |r 0000-00-00 |w 2014-12-02 |y STK0 |0 0 |6 780_710000000000000_NG527M |0 0 |6 780_710000000000000_NG527M | ||